Quản lý hiệu quả nguồn nhân lực = How to

Cung cấp một lộ trình từ việc tuyển dụng đúng người, phát triển kỹ năng lãnh đạo đến việc duy trì động lực và giải quyết các thách thức, khó khăn trong quản lý nhân sự

محفوظ في:
التفاصيل البيبلوغرافية
مؤلف مشترك: Thaihabooks Biên soạn
التنسيق: كتاب
اللغة:Vietnamese
منشور في: H. Công thương ; Công ty Sách Thái Hà 2024
الموضوعات:
الوسوم: إضافة وسم
لا توجد وسوم, كن أول من يضع وسما على هذه التسجيلة!
Thư viện lưu trữ: Thư viện Trường Đại học Nam Cần Thơ
LEADER 01209nam a22002057a 4500
001 NCT_4_018995
008 250512b xxu||||| |||| 00| 0 vie d
999 |c 8921  |d 8921 
020 |a 9786044815541  |c 79000 
082 0 4 |2 23rd ed.  |a 658.3  |b H847T 
245 0 0 |a Quản lý hiệu quả nguồn nhân lực =  |b How to  |c Thaihabooks (Biên soạn) 
260 |a H.  |b Công thương ; Công ty Sách Thái Hà  |c 2024 
300 |a 195 tr.  |b Minh họa  |c 19cm 
520 3 |a Cung cấp một lộ trình từ việc tuyển dụng đúng người, phát triển kỹ năng lãnh đạo đến việc duy trì động lực và giải quyết các thách thức, khó khăn trong quản lý nhân sự 
653 |a Quản trị kinh doanh 
710 1 |a Thaihabooks  |b Biên soạn 
942 |2 ddc  |c BK 
952 |0 0  |1 0  |2 ddc  |4 0  |6 658_300000000000000_H847T  |7 0  |9 30623  |a 000001  |b 000001  |d 2025-05-12  |o 658.3 H847T  |p MD.23739  |r 2025-05-12  |v 79000.00  |w 2025-05-12  |y BK 
952 |0 0  |1 0  |2 ddc  |4 0  |6 658_300000000000000_H847T  |7 0  |9 30624  |a 000001  |b 000001  |d 2025-05-12  |o 658.3 H847T  |p MD.23740  |r 2025-05-12  |v 79000.00  |w 2025-05-12  |y BK 
980 |a Thư viện Trường Đại học Nam Cần Thơ